Electronic Devices and Circuit Theory /

Gespeichert in:
Bibliographische Detailangaben
Hauptverfasser: Boylestad, Robert L (Verfasst von), Nashelsky, Louis (Verfasst von)
Format: Buch
Sprache:Englisch
Veröffentlicht: Uttar Pradesh : Pearson, 2015
Ausgabe:11th Edition
Tags: Tag hinzufügen
Keine Tags, Fügen Sie das erste Tag hinzu!

MARC

LEADER 00000nam a22000003a 4500
001 0140555
003 SK-STU
005 20260318093216.2
007 ta
008 260318s ----xo-----e------000-0-----d
020 |a 978-93-325-4260-0 
040 |a STU  |b slo 
041 0 |a eng 
044 |a ii 
080 |a 621.382.049.77 
100 1 |a Boylestad, Robert L  |4 aut 
245 1 0 |a Electronic Devices and Circuit Theory /  |c aut. Robert L Boylestad, Louis Nashelsky 
250 |a 11th Edition 
260 |a Uttar Pradesh :  |b Pearson,  |c 2015 
300 |a 932 s. 
700 1 |a Nashelsky, Louis  |4 aut 
996 |b 284EK91217  |c E* 91217  |l EE01  |s A  |a 24  |w 0140555_0001